[Event "AUTO-ADV-4603"]
[Site "http://www.queenalice.com/game.php?id=1787181"]
[Date "2022.4.18"]
[Round "1"]
[White "matamuff"]
[Black "coyote78"]
[Result "0-1"]
[WhiteElo "1730"]
[BlackElo "1900"]

1. g3 e5 2. Bg2 d5 3. d3 h6 4. a3 Nf6 5. e3 Bg4 6. Ne2 c5 7. Nd2 Nc6 8. h3 Bh5
9. O-O Be7 10. c4 d4 11. e4 Qd6 12. g4 Bg6 13. Nf3 Nd7 14. Bd2 h5 15. g5 h4 16.
Kh2 O-O-O 17. Qa4 a6 18. b4 Nb6 19. Qb3 Qc7 20. a4 cxb4 21. Rfc1 Nd7 22. Ne1 a5
23. Bf3 Nc5 24. Qb1 f6 25. Bg4+ Kb8 26. Rd1 Bf7 27. Nc1 b6 28. Nb3 Rdf8 29. Nxc5
Bxc5 30. Nf3 Ne7 31. Ne1 Ng6 32. Bf5 Kb7 33. Ng2 Nf4 34. Nxf4 exf4 35. f3 fxg5
36. Rg1 Be7 37. Qe1 g6 38. Bg4 Be8 39. Qd1 Bc6 40. Qb3 Bd6 41. Rac1 Re8 42. Rce1
Re5 43. Ra1 Qe7 44. Ra2 Rc8 45. Rc1 Qe8 46. Be1 b5 47. axb5 Bxb5 48. Rxa5 Bxc4
49. Rxc4 Rxc4 50. Qxc4 Rxa5 0-1

[Event "AUTO-ADV-4598"]
[Site "http://www.queenalice.com/game.php?id=1791315"]
[Date "2022.6.22"]
[Round "2"]
[White "Pin"]
[Black "coyote78"]
[Result "1-0"]
[WhiteElo "2087"]
[BlackElo "1930"]

1. d4 d5 2. Nf3 h6 3. e3 Nf6 4. Bd3 Nc6 5. c3 b6 6. O-O e6 7. Nbd2 Bd6 8. Qe2
O-O 9. e4 dxe4 10. Nxe4 Bb7 11. Nxd6 cxd6 12. Bd2 Ne7 13. h3 Ng6 14. Rfe1 Nh5
15. Bxg6 fxg6 16. Qxe6+ Kh7 17. Nh2 Nf6 18. Bf4 Ne8 19. Bg3 Rf6 20. Qe2 Nc7 21.
Ng4 Re6 22. Ne3 Nd5 23. Qd3 1-0

[Event "AUTO-ADV-4598"]
[Site "http://www.queenalice.com/game.php?id=1791316"]
[Date "2022.6.22"]
[Round "2"]
[White "coyote78"]
[Black "Pin"]
[Result "1-0"]
[WhiteElo "1920"]
[BlackElo "2056"]

1. e4 c5 2. Nf3 d6 3. Bb5+ Bd7 4. Nc3 Nf6 5. d3 g6 6. O-O Bg7 7. Rb1 O-O 8. Be3
a6 9. Bxd7 Nbxd7 10. a4 Ng4 11. Bd2 e6 12. b3 Rc8 13. Ne2 d5 14. Nc3 d4 15. Ne2
Nde5 16. Nf4 Nxf3+ 17. Qxf3 Ne5 18. Qg3 Nd7 19. Nh3 Be5 20. f4 Bg7 21. Nf2 Nf6
22. f5 exf5 23. exf5 Nh5 24. Qh3 Re8 25. fxg6 hxg6 26. Ne4 Qd5 27. g4 Nf6 28.
Rxf6 1-0

[Event "AUTO-ADV-4598"]
[Site "http://www.queenalice.com/game.php?id=1791321"]
[Date "2022.6.22"]
[Round "2"]
[White "coyote78"]
[Black "Kapablanca"]
[Result "1-0"]
[WhiteElo "1959"]
[BlackElo "2122"]

1. e4 e6 2. d4 d5 3. e5 c5 4. c3 Nc6 5. Nf3 Qb6 6. Be3 cxd4 7. cxd4 Bb4+ 8. Nc3
Nge7 9. Be2 O-O 10. O-O Nf5 11. a3 Be7 12. b4 a6 13. Na4 Qd8 14. Bc1 Bd7 15. Bb2
f6 16. Nc5 Bxc5 17. dxc5 Qc7 18. exf6 gxf6 19. Qd2 Rad8 20. g4 Ng7 21. Qh6 e5
22. Bd3 e4 23. Bxf6 Bxg4 24. Bxe4 dxe4 25. Bxd8 Nxd8 26. Nd2 Nf7 27. Qh4 Bf3 28.
Qg3 Qxg3+ 29. fxg3 Ng5 30. Nxf3 exf3 31. Kf2 Nh3+ 32. Ke3 Ne6 33. Rxf3 Re8 34.
Kd3 Nhg5 35. Re3 Rd8+ 36. Kc3 Nc7 37. Rd3 Ne4+ 38. Kc2 Rf8 39. Re1 Rf2+ 40. Kb3
Nd2+ 41. Ka4 Nc4 42. Rd8+ Rf8 43. Rxf8+ Kxf8 44. Re4 Nb2+ 45. Kb3 Nd3 46. Kc2
1-0

[Event "AUTO-ADV-4598"]
[Site "http://www.queenalice.com/game.php?id=1791322"]
[Date "2022.6.22"]
[Round "2"]
[White "Kapablanca"]
[Black "coyote78"]
[Result "0-1"]
[WhiteElo "2099"]
[BlackElo "1926"]

1. d4 d5 2. Nf3 h6 3. g3 Bf5 4. Bg2 Nf6 5. O-O e6 6. c3 c5 7. Bf4 Nc6 8. Nbd2
Qb6 9. Qc1 cxd4 10. cxd4 Nxd4 11. Nxd4 Qxd4 12. Nf3 Qb6 13. a3 Bd6 14. Bxd6 Qxd6
15. Nd4 a6 16. Rd1 Be4 17. f3 Bg6 18. Qd2 O-O 19. b4 Rfc8 20. Rac1 Nd7 21. e4
dxe4 22. fxe4 e5 23. Nb3 Qxd2 24. Rxc8+ Rxc8 25. Rxd2 Rc7 26. Kf2 Kf8 27. Ke2
Ke7 28. g4 Nf6 29. h3 Bxe4 30. Bxe4 Nxe4 31. Rd3 Rc3 32. Rxc3 Nxc3+ 33. Kd3 Nb5
34. a4 Nd6 35. a5 g6 36. Nc5 f5 37. gxf5 gxf5 38. h4 f4 39. Ke2 Kf6 40. Nd7+ Kf5
41. Kf2 e4 42. Nc5 Kg4 43. Ne6 h5 44. Kg2 e3 45. Nd4 Nf5 0-1

[Event "AUTO-ADV-4655"]
[Site "http://www.queenalice.com/game.php?id=1799857"]
[Date "2022.11.15"]
[Round "1"]
[White "mvson33"]
[Black "coyote78"]
[Result "0-1"]
[WhiteElo "1810"]
[BlackElo "1949"]

1. e4 e5 2. Nf3 Nc6 3. Bb5 Nf6 4. d3 d6 5. h3 Be7 6. O-O O-O 7. Nc3 a6 8. Ba4 b5
9. Bb3 Na5 10. Nd5 Nxd5 11. Bxd5 c6 12. Bb3 Nxb3 13. axb3 f5 14. exf5 Rxf5 15.
Be3 c5 16. Qe2 Bb7 17. Nd2 Qd7 18. Nf3 Bxf3 19. gxf3 Rh5 0-1

[Event "AUTO-ADV-4655"]
[Site "http://www.queenalice.com/game.php?id=1799858"]
[Date "2022.11.15"]
[Round "1"]
[White "coyote78"]
[Black "mvson33"]
[Result "1-0"]
[WhiteElo "2018"]
[BlackElo "1914"]

1. e4 e5 2. Nf3 Nc6 3. Bc4 Bc5 4. Nc3 a6 5. a3 Nf6 6. O-O O-O 7. d3 d6 8. Be3
Bxe3 9. fxe3 Bg4 10. d4 exd4 11. exd4 Qe7 12. Qd3 Rad8 13. Rae1 Bxf3 14. Rxf3
Na5 15. Nd5 Nxd5 16. Bxd5 c6 17. Ba2 b5 18. b4 Nb7 19. Rh3 g6 20. Qg3 Kh8 21. c3
Rde8 22. Bb1 Qf6 23. Rh4 Kg8 24. Rf1 Qg7 25. Qh3 Nd8 26. Qd7 Re6 27. Qa7 Rf6 28.
Rhf4 Rxf4 29. Rxf4 Qh6 30. Rf2 Qg5 31. Qd7 d5 32. Qh3 Qc1+ 33. Rf1 Qg5 34. Qf3
dxe4 35. Bxe4 1-0

[Event "AUTO-ADV-4655"]
[Site "http://www.queenalice.com/game.php?id=1799871"]
[Date "2022.11.15"]
[Round "1"]
[White "maurice916"]
[Black "coyote78"]
[Result "0-1"]
[WhiteElo "1869"]
[BlackElo "2008"]

1. b4 e5 2. Bb2 Bxb4 3. Bxe5 Nf6 4. a3 Be7 5. Nf3 d5 6. e3 O-O 7. Be2 c5 8. O-O
Nc6 9. Bb2 Qb6 10. Qc1 Bg4 11. h3 Bh5 12. c3 Na5 13. Qc2 Bg6 14. d3 c4 15. Ne5
cxd3 16. Bxd3 Bxd3 17. Nxd3 Nc4 18. Nb4 Nxb2 19. Qxb2 Rfd8 20. Qd2 Rac8 21. Qe1
Ne4 22. Qc1 Qa5 23. f3 Bxb4 24. fxe4 Bxc3 25. Nxc3 Rxc3 26. Qe1 dxe4 27. a4 Qc5
28. Qh4 Qxe3+ 29. Kh1 Qd4 30. Rae1 e3 31. Rf4 Qd5 32. Ref1 Rc2 33. Rxf7 Qxg2#
0-1

[Event "AUTO-ADV-4655"]
[Site "http://www.queenalice.com/game.php?id=1799872"]
[Date "2022.11.15"]
[Round "1"]
[White "coyote78"]
[Black "maurice916"]
[Result "1-0"]
[WhiteElo "2030"]
[BlackElo "1835"]

1. e4 e6 2. d4 d5 3. e5 c5 4. Nf3 cxd4 5. Nxd4 Nc6 6. Bb5 Bd7 7. O-O Nxd4 8.
Bxd7+ Qxd7 9. Qxd4 g6 10. Bg5 Bg7 11. Nd2 h6 12. Bh4 g5 13. Bg3 Ne7 14. Qb4 Nc6
15. Qd6 Qxd6 16. exd6 Kd7 17. c4 d4 18. a3 e5 19. c5 a5 20. Nc4 Rae8 21. f3 Ke6
22. Nb6 f5 23. Rae1 f4 24. Bf2 Rd8 25. b3 Kf5 26. Re2 Bf6 27. Be1 Rhe8 28. g4+
fxg3 29. hxg3 Kg6 30. Re4 Rg8 31. g4 Rdf8 32. b4 axb4 33. axb4 Bd8 34. Nd7 Rf4
35. Nxe5+ Nxe5 36. Rxe5 Rg7 37. Re8 Bf6 38. Bd2 d3 39. Bxf4 gxf4 40. Rd1 d2 41.
Kf1 Bc3 42. Re4 Rf7 43. Ke2 h5 44. gxh5+ Kxh5 45. Kd3 1-0

[Event "AUTO-ADV-4655"]
[Site "http://www.queenalice.com/game.php?id=1799881"]
[Date "2022.11.15"]
[Round "1"]
[White "coyote78"]
[Black "SamuraiJOM"]
[Result "1-0"]
[WhiteElo "2046"]
[BlackElo "1792"]

1. e4 e5 2. Nf3 Nc6 3. Bc4 h6 4. d4 d6 5. dxe5 Na5 6. Be2 Nc6 7. exd6 cxd6 8.
Nc3 Be6 9. Nd5 Nf6 10. O-O a5 11. Nxf6+ Qxf6 12. Bb5 Be7 13. Nd4 Bd7 14. Be3 O-O
15. c3 g5 16. f4 g4 17. Nxc6 bxc6 18. Bd4 Qg6 19. f5 Qg5 20. Be2 c5 21. Bf2 h5
22. Qd3 Bc6 23. Be3 Qf6 24. Rf4 Qe5 25. f6 Bd8 26. Bxg4 Bxf6 27. Bxh5 Qxh5 28.
Rxf6 Qg4 29. Rf4 Qh5 30. Qxd6 Rac8 31. Rf5 Qh7 32. Rg5+ Kh8 33. Qf6+ 1-0

[Event "AUTO-ADV-4655"]
[Site "http://www.queenalice.com/game.php?id=1799882"]
[Date "2022.11.15"]
[Round "1"]
[White "SamuraiJOM"]
[Black "coyote78"]
[Result "0-1"]
[WhiteElo "1842"]
[BlackElo "1998"]

1. e4 e5 2. Nf3 Nc6 3. Bc4 Bc5 4. c3 Nf6 5. Ng5 O-O 6. O-O Nxe4 7. Nxe4 d5 8.
Nxc5 dxc4 9. Ne4 Qd3 10. Nc5 Qd5 11. Na4 b5 12. b3 bxa4 13. Ba3 Rd8 14. bxa4 Bf5
15. Re1 Be4 16. Qg4 f5 17. Qe2 Bxg2 18. Qh5 Bh1 19. Qg5 Be4 20. Re3 f4 21. Rh3
Bd3 22. f3 Rab8 23. Be7 Nxe7 24. Qg4 Bxb1 25. Qg2 Qxd2 26. Qxd2 Rxd2 27. Rh5
Rbb2 28. Rxe5 Rd1+ 0-1

[Event "AUTO-ADV-4598"]
[Site "http://www.queenalice.com/game.php?id=1805204"]
[Date "2023.2.1"]
[Round "3"]
[White "coyote78"]
[Black "Pin"]
[Result "0-1"]
[WhiteElo "2014"]
[BlackElo "1960"]

1. e4 c5 2. Nf3 d6 3. d4 cxd4 4. Nxd4 Nf6 5. Nc3 a6 6. Bd3 e5 7. Nb3 Be7 8. O-O
O-O 9. Re1 Nc6 10. a3 b5 11. Bg5 Bb7 12. Qd2 Qc7 13. Bxf6 Bxf6 14. Nd5 Qd8 15.
Nxf6+ Qxf6 16. Re3 Qe6 17. Rg3 Ne7 18. Na5 Qd7 19. Nxb7 Qxb7 20. h4 Ng6 21. Qg5
f6 22. Qg4 Nf4 23. h5 Nxd3 24. cxd3 Rf7 25. Rc1 Raf8 26. h6 g6 27. Qe6 Qd7 0-1

[Event "AUTO-ADV-4598"]
[Site "http://www.queenalice.com/game.php?id=1805205"]
[Date "2023.2.1"]
[Round "3"]
[White "Pin"]
[Black "coyote78"]
[Result "0-1"]
[WhiteElo "1981"]
[BlackElo "2059"]

1. d4 d5 2. Nf3 Nf6 3. Nc3 e6 4. Bf4 c5 5. e3 Nc6 6. Be2 Be7 7. O-O O-O 8. a3 c4
9. Re1 Nh5 10. Be5 f6 11. Bg3 Nxg3 12. hxg3 f5 13. Ne5 Bd6 14. f4 a6 15. Kf2
Nxe5 16. dxe5 Bc5 17. Rh1 Bd7 18. Bf3 Be8 19. Bh5 d4 20. Bxe8 dxe3+ 21. Ke2 Qxe8
22. b4 Rd8 23. bxc5 Rxd1 24. Raxd1 Qg6 25. Rh3 Qe8 26. Kxe3 Qc6 0-1

[Event "AUTO-ADV-4598"]
[Site "http://www.queenalice.com/game.php?id=1805206"]
[Date "2023.2.1"]
[Round "3"]
[White "coyote78"]
[Black "mvson33"]
[Result "1-0"]
[WhiteElo "2052"]
[BlackElo "1815"]

1. e4 c5 2. Nf3 Nc6 3. d4 cxd4 4. Nxd4 d6 5. Nc3 Bd7 6. Be3 Nf6 7. Bd3 g6 8. Qd2
Bg7 9. Nxc6 Bxc6 10. Bh6 O-O 11. O-O-O Rc8 12. Bxg7 Kxg7 13. f3 a6 14. g4 Qc7
15. h4 d5 16. h5 Rh8 17. h6+ Kf8 18. Rde1 dxe4 19. Nxe4 Nxe4 20. Bxe4 Bxe4 21.
Rxe4 f6 22. Rhe1 Re8 23. g5 1-0

[Event "AUTO-ADV-4598"]
[Site "http://www.queenalice.com/game.php?id=1805207"]
[Date "2023.2.1"]
[Round "3"]
[White "mvson33"]
[Black "coyote78"]
[Result "0-1"]
[WhiteElo "1846"]
[BlackElo "2038"]

1. e4 e5 2. Nf3 Nc6 3. Bb5 a6 4. Ba4 Nf6 5. Nc3 Bc5 6. O-O O-O 7. d3 h6 8. Bxc6
bxc6 9. Nxe5 Bb7 10. Bf4 d5 11. exd5 cxd5 12. h3 d4 13. Ne2 Nd5 14. Bh2 Re8 15.
Nf3 Ne7 16. Qd2 Bxf3 17. gxf3 Ng6 18. Nf4 Qg5+ 19. Kh1 Bd6 0-1

[Event "AUTO-ADV-4655"]
[Site "http://www.queenalice.com/game.php?id=1810165"]
[Date "2023.4.18"]
[Round "2"]
[White "Tartenfou93"]
[Black "coyote78"]
[Result "1-0"]
[WhiteElo "2022"]
[BlackElo "2066"]

1. d4 d5 2. Bf4 Nf6 3. Nc3 a6 4. e3 b5 5. a3 Bf5 6. Bd3 Bxd3 7. Qxd3 e6 8. Nf3
Bd6 9. Bg3 Nbd7 10. e4 Nxe4 11. Nxe4 dxe4 12. Qxe4 O-O 13. O-O-O Nf6 14. Qd3 1-0

[Event "AUTO-ADV-4655"]
[Site "http://www.queenalice.com/game.php?id=1810166"]
[Date "2023.4.18"]
[Round "2"]
[White "coyote78"]
[Black "Tartenfou93"]
[Result "0-1"]
[WhiteElo "2048"]
[BlackElo "2040"]

1. e4 c6 2. d4 d5 3. f3 dxe4 4. fxe4 g6 5. Nc3 Bg7 6. Nf3 Bg4 7. Bc4 Nf6 8. Be3
O-O 9. O-O b5 10. Bd3 a6 11. e5 Nd5 12. Nxd5 Qxd5 13. b3 c5 14. c4 bxc4 15. Bxc4
Qe4 0-1

[Event "AUTO-ADV-4655"]
[Site "http://www.queenalice.com/game.php?id=1810169"]
[Date "2023.4.18"]
[Round "2"]
[White "coyote78"]
[Black "ValParada"]
[Result "0-1"]
[WhiteElo "2023"]
[BlackElo "2204"]

1. e4 c5 2. Nf3 d6 3. d4 cxd4 4. Nxd4 Nf6 5. Nc3 g6 6. f4 Nc6 7. Nf3 Bg7 8. Be2
Qb6 9. e5 dxe5 10. fxe5 Ng4 11. Ne4 Bf5 0-1

[Event "AUTO-ADV-4655"]
[Site "http://www.queenalice.com/game.php?id=1810170"]
[Date "2023.4.18"]
[Round "2"]
[White "ValParada"]
[Black "coyote78"]
[Result "1-0"]
[WhiteElo "2195"]
[BlackElo "2032"]

1. d4 d5 2. c4 e6 3. Nc3 a6 4. Bf4 dxc4 5. e3 b5 6. Nf3 Bb4 7. Be2 Nf6 8. O-O
Bb7 9. a4 Nd5 10. Nxd5 Bxd5 11. axb5 axb5 12. Rxa8 Bxa8 13. Bxc4 1-0